000 00453nmm a2200157Ia 4500
008 251105s9999||||xx |||||||||||||||||und||
041 _aspa
100 _aMonedero, Paco
245 0 _aDIARIO DE LAS 7 CUMBRES
264 _a[Madrid, España] :
_bElkar,
_c[Fecha de publicación no identificada]
300 _a0 páginas
490 _aNarrativa
650 _aTravel & Sports
856 _uhttps://public.digitaliapublishing.com/a/121137
942 _cCF
999 _c99986
_d99986